00590nam a2200205Ia 450000500170000000800410001702000150005808200210007310000110009424500480010526000380015330000150019165000200020665000150022665000100024165000150025194200060026695200970027299900150036920250127060101.0240331s9999 xx 000 0 und d a0415902045 bNYE21152a305.4 aNye, A 0aFeminist Theory and the Philosophies of Man aNew YorkaLondonbRoutledgec1989 ax, 244 p., aFeminist Theory aPhilosophy aWomen aPatriarchy cL 001040708LaWERCLbWERCLcSSCd2024-03-31l0o 305.4 NYEp1152r2024-03-31w2024-03-31yL c1679d1679